000 00494nam a2200193 a 4500
001 1768117515721
003 YourLibrary
005 20260112125814.0
008 260111s2007##################000#0#eng##
020 _a9780486998268
082 0 4 _a302.2223
_bDOV
100 1 _aModley, Rudolf,
_eauthor.
245 1 0 _a1100 Pictorial Symbols :
260 _bCourier Corporation,
_c2007.
300 _a52 pages
650 0 _aDesign.
942 _cENGLISH
040 _aYourLibrary
_beng
_cYourLibrary
999 _c608266
_d608266